Top 10 najlepszych piłkarzy w historii - Statystyki

Ogólne statystyki
  • Ten quiz został rozwiązany 234 razy
  • Średni wynik to 8 z 10
Statystyki odpowiedzi
Hint Odpowiedź % Poprawnych
Portugalia Cristiano Ronaldo
100%
Argentyna Lionel Messi
99%
Argentyna Diego Maradona
92%
Polska Robert Lewandowski
90%
Brazylia Pele
89%
Francja Zinedine Zidane
74%
Węgry Ferenc Puskas
67%
Holandia Johan Cruyff
57%
Irlandia Północna George Best
48%
Brazylia Ronaldo Nazario
45%
Nie znaleziono quizów pasujących do podanych kryteriów
Rozkład punktacji
Procent ludzi z każdym wynikiem
Percentyl według liczby udzielonych odpowiedzi
Twoja historia wyników
Nie rozwiązałeś tego quizu